01002naa a22002657a 4500001001000000003000900010005001700019007000300036008003400039040005400073041000900127072001500136100001400151100002000165111008100185245010200266260004200368500011900410650001900529650002000548650001700568650002000585650001500605773011600620BR6010189BR-BrBNA20240918173153.0ta230509b bl.||||| |||| 00| 0 por d aBR-BrBNAbporcBiblioteca Nacional de Agricultura a(Pt) aF22b/G5141 aLemos, P.1 aCastro, A.F. de1 a5. Congresso Brasileiro de Ciencia do SolocPelotas, RS (Brazil)d4 Jul 19551 aCapacidade de armazenamento da agua das chuvas em solos da serie Itaguai [Fisica do solo; Brasil]3 aRio de Janeiro, GB (Brasil): c1959.  aAnais do 5. Congresso Brasileiro de Ciencia do Solo Rio de Janeiro, GB (Brasil): 1959. p. 49-67 (BR6010189-AM)F22  aFisica do solo aUmidade do solo aAgua do solo aAnalise do solo aEvaporacao0 tAnais do 5. Congresso Brasileiro de Ciencia do SolowF22 BR6010189gRio de Janeiro, GB (Brasil), 1959. p. 49-67